• 首页
  • 本馆介绍
  • 公告通知
  • 最新文献
  • 馆藏检索
  • 电子资源
  • 读者导购
  • 参考咨询
  • 我的图书馆
  • 登录
  • 详细信息显示
  • 放入我的书架
  • 预约/预借图书
  • 作者相关作品
  • 分类相关作品
  • 丛书相关作品
  • 出版社相关作品

书目信息

  • 表格格式
  • 工作单格式
  • 卡片格式
题名:
岁月如歌
    
 
作者: 汤勇 著
分册:  
出版信息: 成都   四川文艺出版社  2021.01
页数: 12,326页
开本: 24cm
丛书名:
单 册:
中图分类: G4-53 , I267
科图分类:
主题词: 教育--文集 , 散文集--中国--当代 , 诗集--中国--当代 , 教育 , 散文集 , 诗集
电子资源:
ISBN: 978-7-5411-3579-8
000 01030nam0 2200313 450
001 012001002842
005 20141204100710.0
010    @a978-7-5411-3579-8@dCNY58.00
100    @a20220905d2013 em y0chiy50 ea
101 0  @achi
102    @aCN@b510000
105    @aa z 000zy
106    @ar
200 1  @a岁月如歌@Asui yue ru ge@e阆中市离退休教育工作者文集@f汤勇著
210    @a成都@c四川文艺出版社@d2021.01
215    @a12,326页@c图@d24cm
330    @a本书是一本阆中市离退休教育工作者的文集,收集了阆中市离退休教育工作者创作的作品,充分展示了离退休教育工作者丰富多彩的退休生活,以及活到老学到老的高尚情操。
517 1  @a阆中市离退休教育工作者文集@Alang zhong shi li tui xiu jiao yu gong zuo zhe wen ji
606 0  @a教育@j文集
606 0  @a散文集@y中国@z当代
606 0  @a诗集@y中国@z当代
606 0  @a教育
606 0  @a散文集
606 0  @a诗集
690    @aG4-53@v5
690    @aI267@v5
701  0 @a汤勇@Atang yong@f(1966 )@4著
801  0 @aCN@bAHXH@c20221111
905    @b1373607-11@dG4-53@e345@f5
    
    岁月如歌:阆中市离退休教育工作者文集/汤勇著.-成都:四川文艺出版社,2021.01
    12,326页:图;24cm
    
    
    ISBN 978-7-5411-3579-8:CNY58.00
    本书是一本阆中市离退休教育工作者的文集,收集了阆中市离退休教育工作者创作的作品,充分展示了离退休教育工作者丰富多彩的退休生活,以及活到老学到老的高尚情操。
●
相关链接 在E读中查询图书 在五车中查询图书 在当当中查询图书 在豆瓣中查询图书


正题名:岁月如歌     索取号:G4-53/345         预约/预借

序号 登录号 条形码 馆藏地/架位号 状态 备注
1 1373607   213736073   第一样本阅览室/ [索取号:G4-53/345] 在馆    
2 1373608   213736082   教育系资料室/ [索取号:G4-53/345] 在馆    
3 1373609   213736091   教育系资料室/ [索取号:G4-53/345] 在馆    
4 1373610   213736108   第四借阅区/ [索取号:G4-53/345] 在馆    
5 1373611   213736117   第四借阅区/ [索取号:G4-53/345] 在馆    
唐山师范学院图书馆 欢迎您!
大连网信软件有限公司© 版权所有